LEADER 01431nam a2200205 i 4500 001 000000031444 003 CaOOAMICUS 005 20180830125449.0 008 180830s1711 fr u000 u und u 040 $aSeMil$bita 245 10$aBibliothèque des auteurs ecclésiastiques du dix-huitième siècle. Première partie. Des ouvrages publiez depuis 1700 jusqu'à la fin de 1710. Tome 1. [-2.]. 260 $aA Paris :$bChez André Pralard, ruë saint Jacques, à l'Occasion,$c1711$e([Paris] :$fDe l'Imprimerie de la veuve d' Antoin Lambin,$g1711) 300 $a2 v. ;$c8°. 500 $aPubblicati solo i primi 2 v. - Per l'A. Louis Ellis Dupin, cfr. COPAC. - Cors. ; rom. - Iniz., fregi xilogr. 650 4$aAutori cristiani - Enciclopedie e dizionari.$0(OLS)http://semarc/subject/5046 700 1 $aPralard, André,$c.$0(OLS)http://semarc/name/13643 774 0 $tPremiere partie. Des auteurs qui ont fleuri pendant les 25 premieres années du 17e siecle. Tome 1.$g1$w()239104 774 0 $tPremiere partie. Des auteurs qui ont fleuri pendant les 25 premieres années du 17e siecle. Tome 2.$g2$w()239105 996 $6245$aBibliothèque des auteurs ecclésiastiques du dix-huitième siècle. Première partie. Des ouvrages publiez depuis 1700 jusqu'à la fin de 1710. Tome 1. [-2.]$9(OLS)http://semarc/title/42747 996 $6260$aA Paris :$bChez André Pralard, ruë saint Jacques, à l'Occasion$9(OLS)http://semarc/publisher/38261 LEADER 01448nam a2200301 i 4500 001 000000124842 003 CaOOAMICUS 005 20040331000000.0 008 040331s1961 fr u000 u fre u 013 $a97539 040 $aSeMil$bita 100 1 $aPeeters, Paul.$0(OLS)http://semarc/name/5448 245 12$aL'oeuvre des Bollandistes /$cpar Paul Peeters. 250 $aNouvelle éd. augmentée d'une notice bio-bibliographique. 260 $aBruxelles :$bSociété des Bollandistes,$c1961. 300 $a208 p. ;$c26 cm. 490 0 $aSubsidia hagiographica ;$v24.a 500 $aIn copertina : extrait des Mémoires de l'Académie Royale de Belgique. - Contiene : Bibliographie. 650 4$aAgiografia - Bollandisti.$0(OLS)http://semarc/subject/2634 650 4$aBollandisti - Storia.$0(OLS)http://semarc/subject/24175 650 4$aDelehaye, Hippolyte <1859-1941> - Bibliografia.$0(OLS)http://semarc/subject/24176 650 4$aPeeters, Paul <1870-1950>.$0(OLS)http://semarc/subject/24177 700 1 $aDelehaye, Hippolyte .$0(OLS)http://semarc/name/90863 830 0$aSubsidia hagiographica ;$v24.a.$0(OLS)http://semarc/title/570 850 $aSeMil 852 $aSeMil$W1$xVenegono$y1$mSL1.S II 24/A$j79357$B79357$CSeMilBibl$Z2$F81523 $8I 996 $6245$aL'oeuvre des Bollandistes$9(OLS)http://semarc/title/183767 996 $6260$aBruxelles :$bSociété des Bollandistes$9(OLS)http://semarc/publisher/29839